[Event "Box Hill op"]
[Site "Box Hill"]
[Date "2001.10.05"]
[Round "5.23"]
[White "Benjamin, Frank"]
[Black "Parker, Derek"]
[Result "1-0"]
[WhiteElo "1249"]
[BlackElo "1582"]
[PlyCount "59"]
[EventDate "2001.09.??"]
[EventType "swiss"]
[EventRounds "7"]
[EventCountry "AUS"]
[SourceTitle "EXT 2003"]
[Source "ChessBase"]
[SourceDate "2002.11.25"]
[SourceVersion "1"]
[SourceVersionDate "2002.11.25"]
[SourceQuality "1"]

1. d4 Nf6 2. c4 g6 3. Nf3 Bg7 4. Nc3 d5 5. Bf4 c6 6. e3 Qb6 7. Qc2 Bf5 8. Qd2 Nbd7 9. c5 Qd8 10. b4 Nh5 11. Bd3 Bxd3 12. Qxd3 Nxf4 13. exf4 0-0 14. 0-0 Bh6 15. g3 b5 16. Rfe1 a5 17. a3 a4 18. Ne5 Nxe5 19. fxe5 Qd7 20. f4 Qg4 21. Rf1 e6 22. Kg2 g5 23. f5 Qh5 24. f6 g4 25. Qe2 Kh8 26. Rh1 Rg8 27. h3 gxh3+ 28. Rxh3 Qxe2+ 29. Nxe2 Bd2 30. Rah1 1-0

[Event "Box Hill CC-ch"]
[Site "Box Hill"]
[Date "2000.06.09"]
[Round "6.26"]
[White "Lawson, Shane"]
[Black "Benjamin, Frank"]
[Result "1-0"]
[WhiteElo "1689"]
[BlackElo "1281"]
[PlyCount "69"]
[EventDate "2000.??.??"]
[EventType "swiss"]
[EventRounds "9"]
[EventCountry "AUS"]
[SourceTitle "EXT 2003"]
[Source "ChessBase"]
[SourceDate "2002.11.25"]
[SourceVersion "1"]
[SourceVersionDate "2002.11.25"]
[SourceQuality "1"]

1. e4 e5 2. Nf3 Nc6 3. Bc4 Nf6 4. d4 exd4 5. e5 Ng4 6. Qe2 Be7 7. 0-0 0-0 8. h3 d5 9. exd6 Bxd6 10. hxg4 Bxg4 11. Bg5 Qxg5 12. Nxg5 Bxe2 13. Bxe2 Rae8 14. Bf3 Re5 15. Ne4 Rfe8 16. Nxd6 cxd6 17. Nd2 d5 18. Nb3 b6 19. a3 a5 20. Rad1 a4 21. Nxd4 Na5 22. Nb5 Nc4 23. Rxd5 Rxd5 24. Bxd5 Nxb2 25. Rb1 Re5 26. Nc3 g6 27. Rxb2 Kg7 28. Rxb6 Re1+ 29. Kh2 Re7 30. Nxa4 Re2 31. Kg3 Rxc2 32. Rb7 Rd2 33. Rxf7+ Kh6 34. Nc3 Rd3+ 35. Rf3 1-0

[Event "Box Hill CC-ch"]
[Site "Box Hill"]
[Date "2000.05.26"]
[Round "4.5"]
[White "Benjamin, Frank"]
[Black "Meydan, Arie"]
[Result "0-1"]
[WhiteElo "1281"]
[BlackElo "1802"]
[PlyCount "62"]
[EventDate "2000.??.??"]
[EventType "swiss"]
[EventRounds "9"]
[EventCountry "AUS"]
[SourceTitle "EXT 2003"]
[Source "ChessBase"]
[SourceDate "2002.11.25"]
[SourceVersion "1"]
[SourceVersionDate "2002.11.25"]
[SourceQuality "1"]

1. e4 e6 2. d4 d5 3. e5 c5 4. c3 Nc6 5. Nf3 f6 6. Be2 fxe5 7. Nxe5 Nf6 8. Bg5 Be7 9. Bxf6 Bxf6 10. Nxc6 bxc6 11. dxc5 Qe7 12. b4 0-0 13. 0-0 a5 14. b5 Qxc5 15. Qb3 a4 16. Qb4 Qxb4 17. cxb4 Bxa1 18. bxc6 Bd4 19. Na3 Bb2 20. Nc2 e5 21. b5 Rb8 22. Rb1 a3 23. Ne3 Be6 24. g3 d4 25. Nd1 Bxa2 26. Rxb2 axb2 27. Nxb2 e4 28. Bc4+ Bxc4 29. Nxc4 Rxb5 30. Nd6 Rb6 31. Nxe4 Rxc6 0-1